[Event "14th HZ Open"]
[Site "Vlissingen NED"]
[Date "2010.08.08"]
[Round "2"]
[White "Wahedi,A"]
[Black "Drent,S"]
[Result "1-0"]
[WhiteElo "2295"]
[BlackElo "2011"]
[EventDate "2010.08.07"]

1. e4 e5 2. Nf3 Nc6 3. Bb5 a6 4. Ba4 Nf6 5. O-O Be7 6. Re1 b5 7. Bb3 d6 8.
c3 O-O 9. d4 Bg4 10. Be3 Na5 11. Bc2 Nc4 12. Bc1 exd4 13. cxd4 c5 14. b3
Nb6 15. Nbd2 cxd4 16. Bb2 Nfd7 17. h3 Bh5 18. g4 Bg6 19. Nxd4 Bg5 20. Nf1
Rc8 21. Ne3 d5 22. Ndf5 Bf6 23. Bxf6 Nxf6 24. e5 Ne4 25. f3 Nc3 26. Qd4 Qc7
27. Bd3 Qc5 28. Qxc5 Rxc5 29. Bf1 d4 30. Nxd4 Rxe5 31. a3 Rfe8 32. Ng2 Rxe1
33. Nxe1 Nbd5 34. Ng2 f6 35. Nh4 Bb1 36. Kf2 Nd1+ 37. Kg1 N5c3 38. a4 bxa4
39. bxa4 Re1 40. Ng2 Re5 41. Bxa6 Nb2 42. a5 Rd5 43. Ne2 Rd1+ 44. Kh2 Nd5
45. Bb7 Nc7 46. Nc3 1-0

[Event "14th HZ Open"]
[Site "Vlissingen NED"]
[Date "2010.08.08"]
[Round "2"]
[White "Meulblok,W"]
[Black "Duessel,U"]
[Result "0-1"]
[WhiteElo "2024"]
[BlackElo "2271"]
[EventDate "2010.08.07"]

1. e4 e5 2. Nf3 Nc6 3. Bc4 Nf6 4. Ng5 d5 5. exd5 Na5 6. Bb5+ c6 7. dxc6
bxc6 8. Be2 h6 9. Nf3 e4 10. Ne5 Bd6 11. f4 exf3 12. Nxf3 O-O 13. d4 Re8
14. O-O Bg4 15. Nbd2 Nd5 16. Nb1 Qc7 17. h3 Bh5 18. c4 Nf4 19. Bxf4 Bxf4
20. Nc3 Rad8 21. d5 Qb6+ 22. Kh1 Qxb2 23. Qd4 Be3 0-1

[Event "14th HZ Open"]
[Site "Vlissingen NED"]
[Date "2010.08.08"]
[Round "2"]
[White "Sandu,Mi"]
[Black "Roggeveen,W"]
[Result "0-1"]
[WhiteElo "2261"]
[BlackElo "2008"]
[EventDate "2010.08.07"]

1. e4 e5 2. Nf3 Nc6 3. Nc3 Nf6 4. g3 Nxe4 5. Nxe4 d5 6. Neg5 e4 7. d4 Be7
8. Bg2 h6 9. Nxf7 Kxf7 10. Ne5+ Nxe5 11. dxe5 Rf8 12. O-O Kg8 13. c4 c6 14.
cxd5 Qxd5 15. Bf4 g5 16. Qh5 Bf5 17. Rfd1 Qe6 18. Be3 Bg4 0-1

[Event "14th HZ Open"]
[Site "Vlissingen NED"]
[Date "2010.08.08"]
[Round "2"]
[White "Ramer,M"]
[Black "Provoost,S"]
[Result "0-1"]
[WhiteElo "2013"]
[BlackElo "2255"]
[EventDate "2010.08.07"]

1. e4 c5 2. Nf3 e6 3. d4 cxd4 4. Nxd4 a6 5. g3 d5 6. Bg2 dxe4 7. Bxe4 Nf6
8. Bg2 e5 9. Nb3 Qxd1+ 10. Kxd1 Nc6 11. Bg5 Be7 12. Nc3 Bf5 13. a3 O-O 14.
Re1 Rfd8+ 15. Kc1 Nd5 16. Bxe7 Ndxe7 17. Be4 Rac8 18. Rd1 Nd4 19. Nxd4 exd4
20. Bxf5 Nxf5 21. Ne4 Re8 22. f3 Rc6 23. c3 h6 24. Rd3 dxc3 25. bxc3 Re5
26. Rb1 b5 27. Kd2 Ne7 28. Re1 Rce6 29. g4 f5 30. gxf5 Nxf5 31. Rg1 Nh4 32.
Rd8+ Kh7 33. Rd3 Nxf3+ 34. Rxf3 Rxe4 35. Rf7 Rg6 36. Rxg6 Kxg6 37. Rc7 Ra4
0-1

[Event "14th HZ Open"]
[Site "Vlissingen NED"]
[Date "2010.08.08"]
[Round "2"]
[White "Verstraeten,R"]
[Black "Nijs,N"]
[Result "1/2-1/2"]
[WhiteElo "2011"]
[BlackElo "2250"]
[EventDate "2010.08.07"]

1. e4 e6 2. Nc3 d5 3. Nf3 Nf6 4. e5 Nfd7 5. d4 c5 6. Bf4 Nc6 7. dxc5 Nxc5
8. Bd3 Be7 9. Qe2 a6 10. h4 b5 11. h5 b4 12. Nd1 Nxd3+ 13. cxd3 Qa5 14. b3
f6 15. Rc1 Qb5 16. g4 O-O 17. h6 fxe5 18. Nxe5 Rxf4 19. Nxc6 Bd6 20. Ne7+
Bxe7 21. Rxc8+ Rxc8 22. Qxe6+ Rf7 23. Qxc8+ Bf8 24. Kd2 Qa5 25. hxg7 Qxa2+
26. Qc2 Qxc2+ 27. Kxc2 Rxg7 28. f3 Rf7 29. Rh3 Bc5 30. Kd2 Bd4 31. Ne3 Bc3+
32. Kd1 Re7 33. Nxd5 Re1+ 34. Kc2 Re2+ 35. Kc1 Re1+ 36. Kc2 Re2+ 1/2-1/2

[Event "14th HZ Open"]
[Site "Vlissingen NED"]
[Date "2010.08.08"]
[Round "2"]
[White "Colijn,E"]
[Black "Fuchs,Ju"]
[Result "0-1"]
[WhiteElo "1994"]
[BlackElo "2232"]
[EventDate "2010.08.07"]

1. e4 c6 2. d4 d5 3. Nc3 dxe4 4. Nxe4 Nf6 5. Nxf6+ exf6 6. Nf3 Bd6 7. Bd3
O-O 8. Be3 Re8 9. Qd2 Nd7 10. O-O-O Nf8 11. Nh4 b5 12. Nf5 Bc7 13. h4 Qd5
14. g4 Qxa2 15. c3 Qd5 16. Nxg7 Kxg7 17. Bh6+ Kg8 18. Bxf8 Kxf8 19. Qh6+
Ke7 20. Rhe1+ Be6 21. Be4 Qd6 22. Bxc6 Qf4+ 23. Qxf4 Bxf4+ 24. Kb1 Kd6 25.
d5 Bxg4 26. Rxe8 Rxe8 27. Rd4 Bf5+ 28. Ka2 Re4 0-1

[Event "14th HZ Open"]
[Site "Vlissingen NED"]
[Date "2010.08.08"]
[Round "2"]
[White "Laarhoven,T"]
[Black "Sparreboom,W"]
[Result "1-0"]
[WhiteElo "2223"]
[BlackElo "1974"]
[EventDate "2010.08.07"]

1. e4 e6 2. d4 d5 3. Nd2 c5 4. Ngf3 Bd7 5. c3 Be7 6. Bd3 dxe4 7. Nxe4 cxd4
8. Nxd4 Nf6 9. Qc2 a6 10. Bf4 Nc6 11. Nf3 Nxe4 12. Bxe4 Rc8 13. Rd1 Qa5 14.
a3 f5 15. Bd3 Rd8 16. Qe2 O-O 17. Bc4 Kh8 18. O-O Bc8 19. Rxd8 Bxd8 20. Re1
Re8 21. Ng5 Bxg5 22. Bxg5 Qc7 23. Qh5 g6 24. Qh6 Qf7 25. Qh4 Bd7 26. Rd1
Kg8 27. Qf4 b5 28. Ba2 Na5 29. Qc7 1-0

[Event "14th HZ Open"]
[Site "Vlissingen NED"]
[Date "2010.08.08"]
[Round "2"]
[White "Van Diermen,A"]
[Black "Nabuurs,J"]
[Result "0-1"]
[WhiteElo "1976"]
[BlackElo "2222"]
[EventDate "2010.08.07"]

1. e4 c5 2. Nc3 a6 3. a4 e6 4. g3 Nc6 5. Bg2 Nf6 6. f4 d5 7. d3 Be7 8. e5
Ng8 9. Nf3 Nh6 10. O-O Nf5 11. g4 Nfd4 12. Nxd4 cxd4 13. Ne2 h5 14. gxh5
Qb6 15. Ng3 Bd7 16. b3 O-O-O 17. Ba3 Bxa3 18. Rxa3 Qc5 19. Ra1 Kb8 20. Rf2
Nb4 21. Qd2 Rc8 22. Rc1 Rc7 23. Bf3 Rhc8 24. Bd1 b5 25. axb5 Bxb5 26. Ne2
f6 27. Rf3 Nc6 28. exf6 gxf6 29. Kg2 e5 30. Ng3 Nb4 31. h6 Na2 32. Ra1 Nc3
33. Qe1 Re8 34. fxe5 fxe5 35. Qf2 e4 36. Rf7 e3 37. Rxc7 Qxc7 38. Qf3 Nxd1
39. Qxd1 Rf8 40. Qh5 Qxc2+ 41. Kh1 Bxd3 42. Qxd5 Bb5 43. Qe5+ Kb7 44. Qg7+
Kb6 45. Qxd4+ Qc5 46. Qxc5+ Kxc5 47. Rc1+ Kd4 48. Rc7 e2 49. Re7 Rf1+ 0-1

[Event "14th HZ Open"]
[Site "Vlissingen NED"]
[Date "2010.08.08"]
[Round "2"]
[White "Admiraal,M"]
[Black "Van de Groep,W"]
[Result "0-1"]
[WhiteElo "2221"]
[BlackElo "1970"]
[EventDate "2010.08.07"]

1. e4 e6 2. d4 d5 3. Nc3 Nf6 4. e5 Nfd7 5. f4 c5 6. Nf3 Nc6 7. Be3 a6 8.
Qd2 cxd4 9. Nxd4 Bc5 10. O-O-O O-O 11. h4 Bxd4 12. Bxd4 b5 13. Rh3 b4 14.
Na4 Nxd4 15. Qxd4 Qa5 16. b3 Bb7 17. c3 bxc3 18. Rxc3 Rfc8 19. Kb1 Rxc3 20.
Nxc3 Rc8 21. Rc1 Qd8 22. g3 Qb6 23. Qxb6 Nxb6 24. Ne2 Rxc1+ 25. Kxc1 f6 26.
Nd4 Kf7 27. Kd2 Nd7 28. Bh3 Nc5 29. b4 Ne4+ 30. Ke3 Bc8 31. Ne2 Bd7 32. Bg2
f5 33. Bxe4 dxe4 34. Nc3 Ke7 35. Kd4 Kd8 36. Kc5 Kc7 37. Nd1 g6 38. Nc3 Bb5
39. a4 Bf1 40. Nd1 Bd3 41. Ne3 Bb1 42. Kd4 Ba2 43. Kc3 Kc6 44. Nc2 Bd5 45.
Nd4+ Kb6 46. a5+ Kb7 47. b5 axb5 48. Nxb5 Kc6 49. Nd6 Kc5 50. Nf7 Bc4 51.
Ng5 h6 52. Nf7 h5 53. Nh8 e3 54. Nxg6 Kd5 55. Kc2 Ke4 56. Kd1 Kf3 57. Ke1
Kxg3 58. Ne7 Kxf4 59. Nc6 Kg4 60. a6 Bxa6 61. Nb4 Bb7 62. Nc2 f4 63. Na3
Ba6 0-1

[Event "14th HZ Open"]
[Site "Vlissingen NED"]
[Date "2010.08.08"]
[Round "2"]
[White "Onrust,B"]
[Black "Leenaerts,R"]
[Result "1/2-1/2"]
[WhiteElo "1972"]
[BlackElo "2219"]
[EventDate "2010.08.07"]

1. e4 c5 2. c3 d5 3. exd5 Qxd5 4. d4 Nf6 5. Nf3 Bg4 6. Be2 e6 7. O-O Nc6 8.
Be3 cxd4 9. Nxd4 Bxe2 10. Qxe2 Bd6 11. Nd2 O-O 12. Nc4 Bc7 13. Rad1 Qd7 14.
Nxc6 Qxc6 15. Bd4 Nd5 16. Ne5 Qe8 17. Bc5 Nf4 18. Qe4 Bxe5 19. Bxf8 Qb5 20.
Ba3 f5 21. Qe3 1/2-1/2

[Event "14th HZ Open"]
[Site "Vlissingen NED"]
[Date "2010.08.08"]
[Round "2"]
[White "In 't Veld,D"]
[Black "Gawle,I"]
[Result "1-0"]
[WhiteElo "2205"]
[BlackElo "1951"]
[EventDate "2010.08.07"]

1. e4 e5 2. Nf3 Nc6 3. d4 exd4 4. Nxd4 Nf6 5. Nxc6 bxc6 6. e5 Qe7 7. Qe2
Nd5 8. c4 Ba6 9. Qe4 Nb6 10. Nc3 O-O-O 11. c5 Bxf1 12. cxb6 Ba6 13. bxa7
Kb7 14. Be3 d5 15. exd6 Qxe4 16. Nxe4 cxd6 17. O-O-O Be7 18. Rhe1 c5 19.
Nc3 Bf6 20. Nd5 Kxa7 21. Nxf6 gxf6 22. Bf4 Rhe8 23. Rxe8 Rxe8 24. Rxd6 Re1+
25. Kd2 Re2+ 26. Kc3 Rxf2 27. Be3 Rxg2 28. Bxc5+ Kb7 29. Rb6+ Kc7 30. Rxa6
f5 31. Rf6 1-0

[Event "14th HZ Open"]
[Site "Vlissingen NED"]
[Date "2010.08.08"]
[Round "2"]
[White "De Ridder,D"]
[Black "Kuling,L"]
[Result "0-1"]
[WhiteElo "1951"]
[BlackElo "2208"]
[EventDate "2010.08.07"]

1. e4 c5 2. Nf3 d6 3. Bb5+ Nd7 4. O-O Ngf6 5. Re1 a6 6. Bf1 b5 7. c3 Bb7 8.
d3 e6 9. Bg5 Be7 10. Nbd2 h6 11. Bxf6 Bxf6 12. d4 e5 13. a4 Qb6 14. d5 Rb8
15. b3 O-O 16. Qe2 Bc8 17. Ra2 Bd8 18. axb5 axb5 19. Rea1 Nf6 20. Ra7 Ne8
21. Qd3 Nc7 22. Qe3 Na6 23. R7xa6 Bxa6 24. Bd3 Bc8 25. Nf1 Bd7 26. Ng3 Bf6
27. Nf5 Ra8 28. Rb1 Qc7 29. Nd2 Bg5 30. Qe2 Ra2 0-1

[Event "14th HZ Open"]
[Site "Vlissingen NED"]
[Date "2010.08.08"]
[Round "2"]
[White "Kuijpers,J"]
[Black "Balje,J"]
[Result "1/2-1/2"]
[WhiteElo "1949"]
[BlackElo "2204"]
[EventDate "2010.08.07"]

1. d4 d5 2. e3 Nf6 3. Bd3 g6 4. Nf3 Bg7 5. O-O O-O 6. c4 dxc4 7. Bxc4 c5 8.
Nc3 cxd4 9. exd4 Nbd7 10. Ne5 Nb6 11. Bb3 Nbd5 12. Qf3 Nxc3 13. bxc3 e6 14.
Ba3 Re8 15. Ba4 Qc7 16. Bd6 Qd8 17. g4 h6 18. h4 b5 19. Bxb5 Ba6 20. Bxe8
Qxe8 21. Rfe1 Rd8 22. Bc5 Nd7 23. Nxd7 Qxd7 24. Rab1 Rc8 25. Rb4 Bb5 26.
Reb1 Bc6 27. Qg3 Qd5 28. f3 Qxa2 29. Qf2 Qd5 30. Rb8 Rxb8 31. Rxb8+ Kh7 32.
Bxa7 Qa5 33. Bc5 Qxc3 34. Kg2 Bf6 35. h5 gxh5 36. gxh5 Bh4 37. Qe2 Bf6 38.
Qf2 Bh4 39. Qf1 Qe3 40. Rb2 Qg5+ 41. Kh1 Qxh5 42. Qh3 Bxf3+ 43. Kh2 Bg4 44.
Qd3+ Bf5 45. Qe2 Qg6 46. Bd6 Qg4 47. Qxg4 Bxg4 48. Be5 Kg6 49. Rb8 f6 50.
Bf4 h5 51. Rb5 Bf3 52. Bg3 Bg5 53. Bc7 Bd5 54. Rb2 Kf5 55. Rf2+ Ke4 56. Bd8
Bf4+ 57. Rxf4+ Kxf4 58. Bxf6 1/2-1/2

[Event "14th HZ Open"]
[Site "Vlissingen NED"]
[Date "2010.08.08"]
[Round "2"]
[White "Dijkstra,A"]
[Black "Van Veen,O"]
[Result "0-1"]
[WhiteElo "1941"]
[BlackElo "2199"]
[EventDate "2010.08.07"]

1. e4 e5 2. Nf3 Nc6 3. Bc4 Nf6 4. Ng5 d5 5. exd5 Na5 6. Bb5+ c6 7. dxc6
bxc6 8. Qf3 Be7 9. Bd3 h6 10. Ne4 O-O 11. Nxf6+ Bxf6 12. Nc3 Rb8 13. b3 Rb4
14. Ne4 Be7 15. a3 Rd4 16. Bb2 f5 17. Bxd4 Qxd4 18. O-O fxe4 19. Qxe4 Qxe4
20. Bxe4 Bd7 21. Rfe1 Bf6 22. d3 Nb7 23. b4 Nd6 24. Rab1 Nxe4 25. Rxe4 g5
26. h3 h5 27. Kf1 Kg7 28. Ke2 Kg6 29. f3 h4 30. Rc4 a6 31. Rc5 Re8 32. Rc4
Bd8 33. Kd2 Bb6 34. Re4 Bf5 35. Re2 Bc7 36. Rb3 Be6 37. c4 Rd8 38. Kc2 Kf6
39. a4 Bb6 40. b5 cxb5 41. axb5 a5 42. Ra3 Bf5 43. Rd2 Rc8 44. Kd1 Ke6 45.
Ke2 Kd6 46. Ra4 Kc5 47. Ke3 Rd8 48. Rd1 Bc7 49. Rd2 Kb6 50. Ke2 Rd4 51. Ra1
Bd6 52. Rad1 a4 53. Rb2 Bc5 54. Rc2 Rd8 55. Rc3 Bb4 56. Rc2 a3 57. Ra2 Kc5
58. Rc2 Ra8 59. Ra2 0-1

[Event "14th HZ Open"]
[Site "Vlissingen NED"]
[Date "2010.08.08"]
[Round "2"]
[White "Dek,L"]
[Black "Koes,R"]
[Result "1-0"]
[WhiteElo "2199"]
[BlackElo "1947"]
[EventDate "2010.08.07"]

1. e4 e5 2. Nf3 Nc6 3. Bc4 Nf6 4. Ng5 d5 5. exd5 Nd4 6. c3 Nf5 7. O-O Bd6
8. d3 O-O 9. Bb3 Ne7 10. c4 Nf5 11. Nc3 Nd4 12. Nge4 Nxe4 13. dxe4 f5 14.
exf5 Bxf5 15. f3 Qh4 16. Be3 e4 17. f4 Nf3+ 18. gxf3 Rf6 19. Qe1 Qh3 20.
Qf2 Re8 21. Rae1 exf3 22. Qxf3 Rxe3 23. Rxe3 Bc5 24. Qxh3 Bxh3 25. Rff3
Rg6+ 26. Kf2 Rg2+ 27. Ke1 Rg1+ 28. Kd2 Bg4 29. Rg3 Bxe3+ 30. Kxe3 Re1+ 31.
Kd2 1-0

[Event "14th HZ Open"]
[Site "Vlissingen NED"]
[Date "2010.08.08"]
[Round "2"]
[White "Smits,S"]
[Black "Thanabalasingam,A"]
[Result "1/2-1/2"]
[WhiteElo "2186"]
[BlackElo "1940"]
[EventDate "2010.08.07"]

1. e4 c5 2. d3 Nc6 3. f4 d6 4. Nf3 g6 5. g3 Bg7 6. Bg2 e6 7. O-O Nge7 8. c3
b6 9. Be3 Ba6 10. Bf2 O-O 11. Re1 Qd7 12. Na3 Rae8 13. d4 cxd4 14. cxd4 f5
15. e5 Nd5 16. Qa4 Bd3 17. Ng5 dxe5 18. dxe5 h6 19. Rad1 hxg5 20. Rxd3 gxf4
21. gxf4 Nxe5 22. Qxd7 Nxd7 23. Bxd5 exd5 24. Rxe8 Rxe8 25. Rxd5 Nf6 26.
Rd6 Ne4 27. Rxg6 Kf7 28. Rc6 Nxf2 29. Kxf2 Bxb2 30. Nc4 Bd4+ 31. Kf3 Rh8
32. Nd6+ Kg6 33. Nb5+ Bf6 34. Kg3 Rd8 35. Nxa7 Rd3+ 36. Kg2 Rd2+ 37. Kg3
Rd3+ 38. Kg2 Rd2+ 39. Kg3 1/2-1/2

[Event "14th HZ Open"]
[Site "Vlissingen NED"]
[Date "2010.08.08"]
[Round "2"]
[White "De Vleeschauwer,M"]
[Black "Colijn,S"]
[Result "0-1"]
[WhiteElo "1846"]
[BlackElo "2174"]
[EventDate "2010.08.07"]

1. e4 g6 2. d4 Bg7 3. Nf3 c6 4. Bd3 d5 5. exd5 cxd5 6. c3 Nf6 7. Bf4 Nc6 8.
Nbd2 Nh5 9. Bg3 O-O 10. Qc2 Be6 11. O-O Rc8 12. Qb3 Na5 13. Qd1 Nxg3 14.
fxg3 Qb6 15. Nb3 Nc4 16. Qe2 Bg4 17. h3 Bxf3 18. Rxf3 e5 19. Bc2 e4 20.
Rff1 Qd6 0-1

[Event "14th HZ Open"]
[Site "Vlissingen NED"]
[Date "2010.08.08"]
[Round "2"]
[White "Vroombout,E"]
[Black "Van de Braak,Joey"]
[Result "1-0"]
[WhiteElo "2170"]
[BlackElo "1937"]
[EventDate "2010.08.07"]

1. e4 c5 2. Nf3 Nc6 3. d4 cxd4 4. Nxd4 Nf6 5. Nc3 e5 6. Ndb5 d6 7. Nd5 Nxd5
8. exd5 Ne7 9. c4 Ng6 10. g3 Be7 11. Bg2 O-O 12. O-O f5 13. c5 e4 14. f4
Rf6 15. Qb3 a6 16. Nc3 Kh8 17. cxd6 Rxd6 18. Be3 Bf6 19. Rad1 b6 20. a4 Bb7
21. a5 Bxc3 22. bxc3 b5 23. c4 Qxa5 24. c5 Rdd8 25. c6 Bc8 26. d6 b4 27. d7
Qb5 28. dxc8=Q Rdxc8 29. Rd7 Nf8 30. Rxg7 Kxg7 31. Bd4+ Kh6 32. Qf7 1-0

[Event "14th HZ Open"]
[Site "Vlissingen NED"]
[Date "2010.08.08"]
[Round "3"]
[White "L'Ami,E"]
[Black "Wahedi,A"]
[Result "1-0"]
[WhiteElo "2620"]
[BlackElo "2295"]
[EventDate "2010.08.07"]

1. d4 d5 2. c4 c6 3. Nf3 Nf6 4. Nc3 dxc4 5. a4 Bf5 6. e3 e6 7. Bxc4 Bb4 8.
O-O Nbd7 9. Qe2 O-O 10. e4 Bg6 11. Bd3 Re8 12. Rd1 a5 13. Bf4 Nh5 14. Bg5
f6 15. Be3 e5 16. Bc4+ Kh8 17. Nh4 Qe7 18. g4 Nf4 19. Bxf4 exf4 20. Nxg6+
hxg6 21. Rd3 1-0

[Event "14th HZ Open"]
[Site "Vlissingen NED"]
[Date "2010.08.08"]
[Round "3"]
[White "Van den Doel,E"]
[Black "Laarhoven,T"]
[Result "1/2-1/2"]
[WhiteElo "2591"]
[BlackElo "2223"]
[EventDate "2010.08.07"]

1. e4 d5 2. exd5 Qxd5 3. Nc3 Qa5 4. d4 c6 5. Nf3 Nf6 6. Ne5 Be6 7. Bd3 Nbd7
8. Nxd7 Bxd7 9. O-O Bg4 10. Qe1 e6 11. Bf4 Bf5 12. Rd1 Bb4 13. Be5 Bg6 14.
Qe2 O-O 15. Bxf6 gxf6 16. Ne4 Be7 17. a3 Rfd8 18. c3 Qh5 19. Qe3 Kh8 20.
Rfe1 Rd7 21. b4 Bxe4 22. Bxe4 Bd6 23. g3 a6 24. Bg2 Bc7 25. Rd3 Rad8 26.
Red1 Qg5 27. Qf3 Bb6 28. Qe2 Qg7 29. Rf3 Bc7 30. Re1 f5 31. a4 Rc8 32. Rd3
Bb6 33. Rdd1 Qf6 34. Rb1 Qd8 35. Qh5 Qf6 36. Qe2 Rcd8 37. Qf3 Qg7 38. h3
Qg6 39. Qf4 Bc7 40. Qh4 Rg8 41. Kh1 f4 42. g4 Bd8 43. Qh5 Qxh5 44. gxh5 Bh4
45. Re2 Rc8 46. Be4 Bf6 47. Rg1 Rg8 48. Rg4 Rxg4 49. hxg4 h6 50. Kg2 Be7
51. Kf3 Bd6 52. Rb2 Kg7 53. Ke2 Rc7 54. Kd3 e5 55. d5 c5 56. b5 axb5 57.
Rxb5 c4+ 58. Ke2 Bc5 59. a5 Kf6 60. d6 Bxd6 61. Bxb7 Bc5 62. a6 Ba7 63. Kf3
Rd7 64. Bd5 Rd6 65. Bxc4 Rxa6 66. Rb7 Ra3 67. Rxf7+ Kg5 68. Bd3 Rxc3 69.
Rxa7 Rxd3+ 70. Ke4 Rd2 71. Rg7+ Kh4 72. Kxe5 Rxf2 73. g5 Kxh5 74. gxh6 Kxh6
75. Rg8 Ra2 1/2-1/2

[Event "14th HZ Open"]
[Site "Vlissingen NED"]
[Date "2010.08.08"]
[Round "3"]
[White "Provoost,S"]
[Black "Nijboer,F"]
[Result "0-1"]
[WhiteElo "2255"]
[BlackElo "2582"]
[EventDate "2010.08.07"]

1. d4 g6 2. Nf3 Nf6 3. g3 Bg7 4. Bg2 O-O 5. O-O d6 6. c4 Nc6 7. Nc3 a6 8.
b3 Rb8 9. Bb2 b5 10. cxb5 axb5 11. Rc1 b4 12. Nb1 Na7 13. Qc2 Nb5 14. Qc4
Nd7 15. Qxb4 Nxd4 16. Qd2 Nxf3+ 17. Bxf3 Bxb2 18. Qxb2 c5 19. Rfd1 Qa5 20.
Qd2 Qxd2 21. Rxd2 Bb7 22. Bxb7 Rxb7 23. Rcc2 g5 24. Nc3 f5 25. Kg2 Ne5 26.
f4 gxf4 27. gxf4 Ng4 28. Nd1 Kf7 29. e3 Rg8 30. Kf3 Nf6 31. Rg2 Rxg2 32.
Kxg2 Nd5 33. Kf3 Ra7 34. Rd2 Ke6 35. h3 Rc7 36. Nb2 Ra7 37. Nd1 Ra8 38. Rg2
Kd7 39. h4 Kc6 40. e4 fxe4+ 41. Kxe4 Rf8 42. f5 e6 43. Rf2 Nf6+ 44. Kd3 Ng4
45. Rf4 exf5 46. Ne3 Nxe3 47. Kxe3 d5 48. b4 cxb4 49. Rxb4 Re8+ 50. Kf3 Re4
51. Rb8 Rxh4 52. Rf8 Rh3+ 53. Kf2 Ra3 54. Rxf5 Rxa2+ 55. Ke3 Kc5 56. Rh5
Kc4 57. Rxh7 d4+ 58. Kf3 Kc3 59. Rc7+ Kd2 60. Kf2 d3 61. Rc6 Ra8 62. Rc7
Rf8+ 63. Kg2 Ke2 64. Re7+ Kd1 65. Rd7 d2 66. Rc7 Rf5 67. Rc6 Ke2 68. Re6+
Kd3 69. Rd6+ Ke3 70. Re6+ Kd4 0-1

[Event "14th HZ Open"]
[Site "Vlissingen NED"]
[Date "2010.08.08"]
[Round "3"]
[White "Ikonnikov,Vy"]
[Black "In 't Veld,D"]
[Result "1-0"]
[WhiteElo "2578"]
[BlackElo "2205"]
[EventDate "2010.08.07"]

1. d4 f5 2. g3 Nf6 3. Bg2 g6 4. Nf3 Bg7 5. O-O O-O 6. b3 d6 7. Bb2 Qe8 8.
c4 Na6 9. Nbd2 c5 10. d5 b5 11. Ng5 Nc7 12. h4 Rb8 13. Bc3 h6 14. Nh3 e5
15. Ba5 Qe7 16. cxb5 Rxb5 17. Nc4 Ba6 18. Rc1 Rb7 19. Bc3 Bxc4 20. bxc4
Rfb8 21. Qa4 Qd7 22. Qxd7 Nxd7 23. e4 Na6 24. Rfd1 Kf7 25. f3 fxe4 26. fxe4
Kg8 27. g4 Nb4 28. Rd2 Rb6 29. Ra1 R6b7 30. Bf1 Bf8 31. g5 h5 32. Nf2 Nb6
33. a3 Na6 34. a4 Na8 35. a5 N8c7 36. Nd1 Kf7 37. Rf2+ Kg7 38. Bh3 Nb4 39.
Nb2 Re8 40. Raf1 Be7 41. Rf7+ Kg8 42. Bd7 Rf8 43. Rxe7 Rxf1+ 44. Kxf1 Kf8
45. Bc8 Kxe7 46. Bxb7 Nba6 47. Bxa6 Nxa6 48. Nd3 Nb8 49. Bxe5 1-0

[Event "14th HZ Open"]
[Site "Vlissingen NED"]
[Date "2010.08.08"]
[Round "3"]
[White "Hoffmann,Micha1"]
[Black "Dek,L"]
[Result "1-0"]
[WhiteElo "2517"]
[BlackElo "2199"]
[EventDate "2010.08.07"]

1. d4 Nf6 2. c4 e6 3. g3 c5 4. Nf3 cxd4 5. Nxd4 a6 6. Bg2 Qc7 7. O-O Be7 8.
b3 O-O 9. Bb2 d6 10. Nc3 Nbd7 11. e3 Re8 12. g4 h6 13. f4 Nh7 14. Ne4 Nc5
15. Ng3 Bd7 16. Nh5 g6 17. Ng3 e5 18. Nc2 a5 19. f5 g5 20. f6 Nxf6 21. Nf5
Bf8 22. Nxh6+ Bxh6 23. Rxf6 Re6 24. Rf5 Rg6 25. Rf2 Bg7 26. Bd5 Be6 27. Na3
Qd7 28. h3 Re8 29. Nb5 e4 30. Bxg7 Rxg7 31. Bxe6 Rxe6 32. Qd5 Qc6 33. Qxc6
bxc6 34. Nd4 Rh6 35. Nf5 Rxh3 36. Nxg7 Kxg7 37. Raf1 Nd3 38. Rxf7+ Kg8 39.
Rf8+ Kg7 40. R1f7+ Kg6 41. Rf6+ Kg7 42. R8f7+ Kg8 43. Rc7 Rg3+ 44. Kh2 Rxe3
45. Rg6+ Kf8 46. Rxg5 Ne5 47. Kg2 Re2+ 48. Kg3 e3 49. c5 Rf2 50. cxd6 Rf3+
51. Kh4 Nf7 52. Rc8+ 1-0

[Event "14th HZ Open"]
[Site "Vlissingen NED"]
[Date "2010.08.08"]
[Round "3"]
[White "Henrichs,T"]
[Black "Vroombout,E"]
[Result "1-0"]
[WhiteElo "2490"]
[BlackElo "2170"]
[EventDate "2010.08.07"]

1. d4 Nf6 2. c4 g6 3. Nc3 Bg7 4. e4 d6 5. f3 O-O 6. Nge2 e5 7. Bg5 c6 8.
Qd2 a6 9. dxe5 dxe5 10. Qxd8 Rxd8 11. c5 a5 12. Na4 Na6 13. Nec3 Nb4 14.
Rc1 Be6 15. b3 h6 16. Be3 h5 17. Be2 Nd3+ 18. Bxd3 Rxd3 19. Ke2 Rxe3+ 20.
Kxe3 Bh6+ 21. Ke2 Bxc1 22. Rxc1 Rd8 23. h4 Kf8 24. Nd1 Ke7 25. Ndb2 Nd7 26.
Nd3 f6 27. Ke3 Rg8 28. Rh1 f5 29. Nc3 f4+ 30. Kf2 Kf6 31. Na4 Rd8 32. Rg1
Nb8 33. Ke2 Nd7 34. g3 fxg3 35. Rxg3 Re8 36. Rg5 Bf7 37. Ke3 Re7 38. Nb6
Nf8 39. Nc8 Nh7 40. Nxe7 Nxg5 41. hxg5+ Kxe7 42. Nxe5 1-0

[Event "14th HZ Open"]
[Site "Vlissingen NED"]
[Date "2010.08.08"]
[Round "3"]
[White "Fuchs,Ju"]
[Black "Zaragatski,I"]
[Result "0-1"]
[WhiteElo "2232"]
[BlackElo "2472"]
[EventDate "2010.08.07"]

1. e4 e6 2. d4 d5 3. Nc3 Nc6 4. Nf3 Nf6 5. Bg5 Be7 6. Bxf6 Bxf6 7. Bb5 O-O
8. Qd2 Nb8 9. O-O-O b6 10. h4 Bb7 11. exd5 exd5 12. Kb1 Nd7 13. Bd3 Re8 14.
Ng5 Nf8 15. f4 c5 16. dxc5 bxc5 17. Bb5 Re7 18. Rhe1 Rxe1 19. Qxe1 Rb8 20.
Nge4 Bxh4 21. g3 Be7 22. b3 Qb6 23. Nf2 Bf6 24. Ba4 Rd8 25. Ng4 Bxc3 26.
Qxc3 d4 27. Qd3 c4 28. Qf1 Ba6 29. Ne5 cxb3 0-1

[Event "14th HZ Open"]
[Site "Vlissingen NED"]
[Date "2010.08.08"]
[Round "3"]
[White "Pruijssers,R"]
[Black "Wittenberg,A"]
[Result "1-0"]
[WhiteElo "2462"]
[BlackElo "2143"]
[EventDate "2010.08.07"]

1. e4 e6 2. d4 d5 3. Nc3 Nc6 4. Bb5 dxe4 5. Nxe4 Qd5 6. Qe2 Qxd4 7. Nf3 Qd5
8. O-O Nf6 9. Neg5 Bd6 10. Rd1 Qc5 11. Be3 Qb4 12. a3 Qg4 13. Rd4 Qf5 14.
Nh4 Qc5 15. Rdd1 Qe5 16. f4 Qxb2 17. Bd4 Bc5 18. Bxc5 Bd7 19. Bxc6 Bxc6 20.
Nxe6 1-0

[Event "14th HZ Open"]
[Site "Vlissingen NED"]
[Date "2010.08.08"]
[Round "3"]
[White "Nabuurs,J"]
[Black "Bosboom,M"]
[Result "0-1"]
[WhiteElo "2222"]
[BlackElo "2455"]
[EventDate "2010.08.07"]

1. e4 c5 2. Nf3 d6 3. d4 cxd4 4. Nxd4 Nf6 5. Nc3 a6 6. Be3 e6 7. f3 h5 8.
g3 Nbd7 9. Qd2 b5 10. a4 b4 11. Na2 d5 12. exd5 Nxd5 13. Nc6 Qc7 14. Ncxb4
Nxe3 15. Qxe3 Nf6 16. c3 h4 17. g4 Bb7 18. O-O-O Bc5 19. Qg5 Be7 20. Qe3
Nxg4 21. fxg4 Bxh1 22. Bxa6 Qxh2 23. Bb5+ Kf8 24. Nc6 Bxc6 25. Bxc6 Rb8 26.
Nb4 h3 27. a5 Qc7 28. Rd7 Qxa5 29. Kb1 Qc5 30. Qg3 Rd8 31. Qc7 Rxd7 32.
Qxd7 g5 33. Nd3 Qd6 34. Qxd6 Bxd6 35. b4 f5 36. Nf2 Bg3 37. Nh1 Be5 0-1

[Event "14th HZ Open"]
[Site "Vlissingen NED"]
[Date "2010.08.08"]
[Round "3"]
[White "Burg,T"]
[Black "Go,B"]
[Result "1/2-1/2"]
[WhiteElo "2449"]
[BlackElo "2128"]
[EventDate "2010.08.07"]

1. e4 Nf6 2. e5 Nd5 3. d4 d6 4. Nf3 Nc6 5. c4 Nb6 6. e6 fxe6 7. Nc3 g6 8.
h4 Bg7 9. Be3 O-O 10. h5 e5 11. d5 Nd4 12. Nxd4 exd4 13. Bxd4 Bxd4 14. Qxd4
e5 15. dxe6 Qf6 16. Qxf6 Rxf6 17. hxg6 hxg6 18. e7 Bd7 19. f3 Re8 20. Kd2
Rxe7 21. Bd3 Bf5 22. Rh6 c6 23. Rah1 Rff7 24. Rh8+ Kg7 25. g4 Bxd3 26. g5
Nxc4+ 27. Kxd3 Rxf3+ 28. Kxc4 b5+ 29. Kb4 Rf4+ 30. Kb3 Kf7 31. R1h7+ Ke6
32. Rxe7+ Kxe7 33. Ra8 Ke6 34. Rxa7 Rg4 35. Rc7 c5 36. Rb7 b4 37. Nb5 Rg3+
38. Kc4 Rg4+ 39. Kb3 Rg3+ 40. Ka4 Rg2 41. Rb6 Rxb2 42. Rxd6+ Ke5 43. Rxg6
Rxa2+ 44. Kb3 Rg2 45. Rg7 Rg3+ 46. Kc4 b3 47. Re7+ Kf4 48. Nc3 Rxg5 49.
Kxb3 Rg8 50. Kc4 Kf5 51. Rf7+ Ke6 52. Rf4 Ke5 53. Re4+ Kf5 54. Re1 Rg4+ 55.
Kd5 Rd4+ 56. Kxc5 Rd8 57. Nd5 Ra8 58. Ne7+ Kf4 59. Nc6 Ra2 60. Nb4 Ra5+ 61.
Kd6 Ra4 62. Nd5+ Kf3 63. Ke5 Kf2 64. Rd1 Ra8 65. Rd2+ Kf3 66. Rd3+ Ke2 67.
Nf4+ Kf2 68. Ng6 Ke2 69. Nf4+ Kf2 70. Rb3 Re8+ 71. Kd4 Rf8 72. Ne6 Rg8 73.
Ke4 Re8 74. Rb2+ Kg3 75. Kf5 Ra8 76. Rb3+ Kf2 77. Nd4 Ra4 78. Rd3 Ra2 79.
Ke4 Ra4 80. Kf4 Ra2 81. Rf3+ Kg2 82. Rd3 Kf2 83. Rb3 Kg2 84. Nc6 Rf2+ 85.
Kg4 Re2 86. Rg3+ Kf2 87. Rf3+ Kg2 88. Rf4 Re8 89. Ra4 Rg8+ 90. Kf4 Rf8+ 91.
Ke4 Kg3 92. Ra3+ Kg2 93. Nd4 Rf2 94. Nf5 Rb2 95. Ne3+ Kh2 96. Kf3 Rb8 97.
Ng2 Rg8 98. Ne3 Rf8+ 99. Kg4 Rf2 100. Nf5 Rc2 101. Rh3+ Kg1 102. Nh4 Kf1
103. Nf5 Ke1 104. Ne3 Rc8 105. Rh2 Rf8 106. Ra2 Rf7 107. Kg3 Rf8 108. Ng2+
Kd1 109. Nf4 1/2-1/2